000 00480pab a2200169 454500
008 180718b1998 xxu||||| |||| 00| 0 eng d
100 _aPati, Biswamoy
245 _aSiting the body: perspectives on health and medicine in colonial Orissa
260 _c1998
300 _ap.3-26
362 _aNov-Dec
650 _aMedical sciences - India - Orissa
650 _aHealth services - India - Orissa
650 _aHealth services
773 _aSocial Scientist
909 _a43300
999 _c43300
_d43300